01989nam a2200577 i 450000100060000000300090000600500170001500800410003201500180007302000150009102000150010602000180012102000180013903500230015703500360018003500140021603500210023003500170025103500230026803500440029104000280033504100130036304600090037608000160038508000120040110000290041324501370044224600340057925000150061326000560062830000280068433600270071233700540073933800280079338000160082138000270083738500390086438800140090338800100091750400120092752100730093965000230101265500350103565800340107070000460110470000430115070000380119370000410123171000410127285600980131352840KOSZ 00520220422130452.0070215s2007 pl a f f |001 0 pol  aUWD 2007/8492 a8320816416 a8320816459 a9788320816419 a9788320816457 a991033072099705066 a(PL-WaBN)b18862767-48omnis_nlop ab18862767 a(OCoLC)749515100 azz2007961423 a(PL)b0000001886276 a(EXLNZ-48OMNIS_NETWORK)9910070132005606 aWA NcWA NdKOSZ 005/HR1 apolheng k1987 a330.101.542 a(075.8)1 aBegg, David K. H.eAutor00aMikroekonomia /cDavid Begg [oraz] Stanley Fischer, Rudiger Dornbusch ; red. nauk. Ryszard Rapacki ; tł. Bogusław Czarny [et al.].1 iTyt. oryg.:aEconomics,f1987 aWyd. 4 zm. aWarszawa :bPolskie Wydawnictwo Ekonomiczne,c2007. a622 s. :bil. ;c24 cm. aTekstbtxt2rdacontent aBez urządzenia pośredniczącegobn2rdamedia aWoluminbnc2rdacarrier aKsiążki aPublikacje dydaktyczne mPoziom nauczaniaaSzkoły wyższe a1901-2000 a2001- aIndeks.8 aPodręcznik dla studentów pierwszych lat studiów ekonomicznych. 7aMikroekonomia2DBN 7aPodręczniki akademickie2DBN aGospodarka, ekonomia, finanse1 aCzarny, Bogusławd(1957- )eTłumaczenie1 aDornbusch, Rudigerd(1942-2002)eAutor1 aFischer, Stanleyd(1943- )eAutor1 aRapacki, Ryszardd(1949- )eRedakcja2 aPolskie Wydawnictwo Ekonomiczne4pbl uhttp://koha.tu.koszalin.pl/cgi-bin/koha/opac-detail.pl?biblionumber=52840yKatalog online BPK